000 00448nam a22001457a 4500
003 OSt
008 210913b ||||| |||| 00| 0 eng d
020 _a9789387973657
082 _a664.752
_bJAG/BA
100 _aJagarlamudi,Lakshmi
_95088
245 _aBakery and Confectionery Products
_bProcessing ,Quality Assessment Packaging and Storage Techniques
260 _aNew Delhi
_bNew India Publishing Agency
_c2019
300 _a272 P
942 _cBK
999 _c17410
_d17410